| 000 | 00536nam a22001937a 4500 | ||
|---|---|---|---|
| 003 | BD-DhJNU | ||
| 005 | 20250312072804.0 | ||
| 008 | 250312b |||||||| |||| 00| 0 eng d | ||
| 020 | _a0195773071 | ||
| 040 |
_aBD-DhJNU _bENG _cBD-DhJNU _dBD-DhJNU |
||
| 082 |
_223 _a297.63 |
||
| 100 | _aWatt, W. Montgomery | ||
| 245 |
_aMuhammad at Medina / _cW. Montgomery Watt. |
||
| 260 |
_aKarachi : _bOxford University Press, _c2004. |
||
| 300 |
_axiv, 418 p. : _c22 cm. |
||
| 504 | _aincludes index | ||
| 650 | _aBiography | ||
| 942 |
_2ddc _cBK _n0 |
||
| 999 |
_c1477 _d1477 |
||